Normal view
MARC view
- Cheng, Peng.
Entry Personal Name
001 - CONTROL NUMBER
- control field: 52475
003 - CONTROL NUMBER IDENTIFIER
- control field: OSt
005 - DATE AND TIME OF LATEST TRANSACTION
- control field: 20240215121807.0
008 - FIXED-LENGTH DATA ELEMENTS
- fixed length control field: 240215|| aca||aabn | a|a d
040 ## - CATALOGING SOURCE
- Original cataloging agency: OSt
- Transcribing agency: OSt
100 ## - HEADING--PERSONAL NAME
- Personal name: Cheng, Peng.
- Relator term: author.
670 ## - SOURCE DATA FOUND
- Source citation: Work cat.: (OSt): Ma, Jing. author. 52473, An active damping control strategy for grid-tied type-4 wind turbine generator based on energy feedback /, May 2022.
